000 00812aam a2200313 4500
005 20260427143014.0
008 150416b xxu||||| |||| 00| 0 spa d
020 _a8445804413
041 _aESP
082 _a617.692 C533p
100 _aChiche, Gerard
_933990
100 _aPinailt, Alain
245 _aPrótesis fija estética en dientes anteriores
260 _aEstados Unidos
260 _bMasson
260 _c2000
300 _a202 páginas
300 _bIlustraciones a color
490 _aMecánica Dental
650 _aPRÓTESIS DENTALES
650 _aPRÓTESIS FIJA
650 _aODONTOLOGÍA ESTÉTICA
650 _aCORONAS DE METAL
650 _aCERÁMICA
650 _aCORONAS LAMINADAS
650 _aLABORATORIO DENTAL
650 _aESTÉTICA GINGIVAL
942 _cBK
_2ddc
999 _c4712
_d4712